مكتبة جامعة عجلون الوطنية

فهرس بحث المكتبة

Normal view MARC view
  • ادارة اعمال

Entry Topical Term

Number of records used in: 1

001 - CONTROL NUMBER

  • control field: 31417

003 - CONTROL NUMBER IDENTIFIER

  • control field: JO-AjAnu

005 - DATE AND TIME OF LATEST TRANSACTION

  • control field: 20230606075306.0

008 - FIXED-LENGTH DATA ELEMENTS

  • fixed length control field: 230606|| aca||aabn | a|a d

040 ## - CATALOGING SOURCE

  • Original cataloging agency: JO-AjAnu
  • Transcribing agency: JO-AjAnu

150 ## - HEADING--TOPICAL TERM

  • Topical term or geographic name entry element: ادارة اعمال

670 ## - SOURCE DATA FOUND

  • Source citation: Work cat.: (JO-AjAnu)16132: لطفي،فاهيد/كارل بيجلز؛تعريب سرور علي ابراهيم سرور؛تقديم عبدالمنعم ابراهيم العبد المنعم؛مراجعة محمد يحيى عبد الرحمن, author 31416, نظم دعم القرارات لادارة العمليات،بحوث العمليات=Decision Support Systems Operations Management and Management Science